Μοντέλα Markowitz σε διάφορες κλάσεις μέτρων κινδύνων : πτυχιακή εργασία

Στα χρηματοοικονομικά ο κίνδυνος αναφέρεται στην πιθανότητα οικονομικών απωλειών. Για τον λόγο αυτό η ικανότητα ποσοτικοποίησης του κινδύνου είναι σημαντική για τους επενδυτές και τους χρηματοοικονομικούς οργανισμούς.Το 1952 ο Harry Markowitz, στο άρθρο του Portfolio Selection, παρουσίασε ένα υπόδει...

Πλήρης περιγραφή

Αποθηκεύτηκε σε:
Λεπτομέρειες βιβλιογραφικής εγγραφής
Κύριος συγγραφέας: Βαρτζής, Γεώργιος
Συγγραφή απο Οργανισμό/Αρχή: Πανεπιστήμιο Αιγαίου. Σχολή Θετικών Επιστημών. Τμήμα Στατιστικής και Αναλογιστικών-Χρηματοοικονομικών Μαθηματικών
Μορφή: Thesis Βιβλίο
Γλώσσα:Greek
Δημοσίευση: 2014.
Θέματα:
Διαθέσιμο Online:http://hdl.handle.net/11610/8131
Ετικέτες: Προσθήκη ετικέτας
Δεν υπάρχουν, Καταχωρήστε ετικέτα πρώτοι!

MARC

LEADER 00000cam a2200000 i 4500
001 1/53476
008 140822s2014 gr | ||| |||| ||gre||
035 |l 10118683 
040 |a GR-MyUA  |b gre  |e AACR2 
041 0 |a gre 
082 0 |a 658.155   |2 (22) 
100 1 |a Βαρτζής, Γεώργιος. 
245 1 0 |a Μοντέλα Markowitz σε διάφορες κλάσεις μέτρων κινδύνων :   |b πτυχιακή εργασία /   |c Γεώργιος Βαρτζής ; επιβλέπων καθηγητής Χρήστος Κουντζάκης.  
260 |c 2014.  
300 |a 84 σ. :   |b σχέδια, διαγρ. ;   |c 30 εκ.  
500 |a Μέλη της εξεταστικής επιτροπής: Κουντζάκης Χρήστος, Ταχτσής Ελευθέριος, Κωνσταντινίδης Δημήτριος.  
502 |a Πτυχιακή εργασία – Πανεπιστήμιο Αιγαίου, Σάμος, 2014. 
504 |a Βιβλιογραφία: σ. 83-84.  
506 1 |a Διάθεση πλήρους κειμένου ;   |d Ενδοπανεπιστημιακή δημοσίευση.  
520 |a Στα χρηματοοικονομικά ο κίνδυνος αναφέρεται στην πιθανότητα οικονομικών απωλειών. Για τον λόγο αυτό η ικανότητα ποσοτικοποίησης του κινδύνου είναι σημαντική για τους επενδυτές και τους χρηματοοικονομικούς οργανισμούς.Το 1952 ο Harry Markowitz, στο άρθρο του Portfolio Selection, παρουσίασε ένα υπόδειγμα κατασκευής και επιλογής αποτελεσματικών χαρτοφυλακίων. Ο Markowitz έθεσε τις βάσεις για την ανάπτυξη της σύγχρονης θεωρίας χαρτοφυλακίου.Στην παρούσα εργασία γίνεται μια εκτενής αναφορά στο μοντέλο του Markowitz, στα σημεία τα οποία μειονεκτεί και στη συνέχεια γίνεται παρουσίαση μέτρων κινδύνου που ικανοποιούν σημαντικές επιθυμητές ιδιότητες. 
610 2 0 |a University of the Aegean  |x Dissertations. 
650 0 0 |a Risk management. 
650 0 0 |a Risk assessment. 
650 0 0 |a Dissertations, Academic  |z Greece. 
700 1 |a Κουντζάκης, Χρήστος,  |e dgs 
710 2 |a Πανεπιστήμιο Αιγαίου.   |b Σχολή Θετικών Επιστημών.   |b Τμήμα Στατιστικής και Αναλογιστικών-Χρηματοοικονομικών Μαθηματικών. 
852 |a INST  |b SAMOS  |c DIATR  |e 20140822  |h 658.155 ΒΑΡ  |p 005300036945  |q 005300036945  |t DIE  |y 23 
852 |a INST  |b SAMOS  |c DIATR  |e 20140822  |h 658.155 ΒΑΡ  |p 005300036946  |q 005300036946  |t DIE  |y 23 
856 |u http://hdl.handle.net/11610/8131 
901 |a BIBL3-2014-2 
909 |a Σ  |b 185129 
909 |a Σ  |b 185130 
924 |a ΒΑΡΤΖΗΣ  |b ΓΕΩΡΓΙΟΣ  |y Σάμος  |z 2014-06 
970 |a ΚΟΣΙΕΡΗΣ  |b ΧΡΗΣΤΟΣ  |z 2014/08/22